000 00834nam a22002537a 4500
999 _c5436
_d5436
003 AR-CdUCM
008 190312b ||||| |||| 00| 0 spa d
040 _aMUNICIPALIDAD PROVINCIAL DEL CUSCO
_cBIBLIOTECA MUNICIPAL DEL CUSCO
082 _a985.06 /
_bL28
100 _aLatcham, Ricardo
_916366
245 _aEl criollismo /
260 _aSantiago de Chile :
_bUniversitaria,
_c1956.
300 _a125 páginas ;
_c14.5 cm.
440 _aSaber
_n7
_916367
500 _aDonación familia Nieto
505 _aContenido: La historia del criollismo -- Aspectos del criollismo en América -- En torno al criollismo ...
650 _aClase social
_91110
650 _aCategoria
_916368
650 _aRealismo
_9520
700 _aMontenegro, Ricardo
_916369
700 _aVega, Manuel
_916370
942 _2ddc
_cLIBROS
945 _aafb